000 00744nam a2200241Ia 4500
003 OSt
005 20220925192839.0
006 a|||||r|||| 00| 0
007 ta
008 220923b |||||||| |||| 00| 0 eng d
037 _cGeneral Book
040 _aRTL
_cRTL
_beng
041 _2eng
_aeng
082 _aV2,4N21y7M87, L1
100 _aBhattacharjee G P
_9102159
245 0 _aEvolution of political philosophy of M N Roy
260 _aCalcutta
_bMinerva Associates India
_c1971
300 _a266p
_ccm.
500 _aBibliography: P 247-60; Appendix: P 240-46; Index:P.261-66
650 _aPolitical Parties
_9227152
942 _hV2,4N21y7M87, L1
_cGB
_2CC
999 _c523587
_d523587